Socialización y disciplina /
Guardado en:
| Autor Principal: | |
|---|---|
| Formato: | Libro |
| Publicado: |
Argentina :
Paidos,
1966
|
| Materias: | |
| Etiquetas: |
Agregar Etiqueta
Sin Etiquetas, Sea el primero en etiquetar este registro!
|
| LEADER | 00730nam a22002175a 4500 | ||
|---|---|---|---|
| 001 | CEM.cems003254 | ||
| 005 | 19000101000000.0 | ||
| 008 | 130507s1966##################000#0#####d | ||
| 003 | CEMS | ||
| 082 | 0 | 4 | |a 301.15 |
| 100 | 1 | |a Hildreth, G. | |
| 245 | 1 | 0 | |a Socialización y disciplina / |c G. Hildreth |
| 260 | |a Argentina : |b Paidos, |c 1966 | ||
| 300 | |a 86 p. | ||
| 505 | 0 | |a Separata de su obra: Estructura de clases y cambio social. Buenos Aires, Paidos, 1973 | |
| 653 | |a Disciplina escolar | ||
| 653 | |a Educacion y autoridad | ||
| 653 | |a Educacion-socializacion | ||
| 653 | |a Niños-socializacion | ||
| 859 | |a CEMS |b BIB. CEMS - 11 de abril |h 301.15 |i H546 |p 2403.74 |t Ej.1 | ||
| 859 | |a CEMS |b BIB. CEMS - 11 de abril |h 301.15 |i H546 |p 2448.74 |t Ej.2 | ||
